| 000 | 00820nam a22002177a 4500 | ||
|---|---|---|---|
| 001 | 06789 | ||
| 003 | HDC | ||
| 008 | 210124b99999999my ||||| |||| 00| 0 eng d | ||
| 040 | _aHDC | ||
| 245 | 0 |
_aStrategy Paper 18: _bTransforming Services Sector _c/ Economic Planning Unit, |
|
| 260 |
_aMalaysia: _bEconomic Planning Unit, Prime Minister's Department, _c[date of publication not identified] |
||
| 300 | _a1 online resource (82 pages) | ||
| 336 |
_atext _2rdacontent |
||
| 337 |
_acomputer _2rdamedia |
||
| 338 |
_aonline resource _2rdacarrier |
||
| 651 |
_aMalaysia _xSocial policy _97237 |
||
| 856 | _zRequest full-text at [email protected] | ||
| 942 | _2lcc | ||
| 942 | _cEBOOK | ||
| 942 | _kREPT 000108 | ||
| 999 |
_c4113 _d4113 |
||